000 01032nam a2200289 a 4500
001 000003537
003 DO-SdBNP
005 20250827135150.0
007 ta
008 090710s2004 dr ac 001 0 spa d
020 _a0974685534
040 _aDO-SdBNP
_bspa
_cBNPHU
082 4 _a972.9356
_bR741r
_222
100 1 _aRojas, Rosa
_910949
245 1 0 _aRaíces de mi pueblo Licey /
_cRosa Rojas.
260 _aSanto Domingo :
_bAmigo del Hogar,
_c2004.
300 _a262 p. :
_bil., retrs. ;
_c22 cm.
500 _aIncluye datos biográficos de la autora en la contracubierta
504 _abibliografía : p. 263-264
590 _aInventariado, 2022 / DG
650 4 _aLicey al Medio (República Dominicana)
_xHistoria
_910950
650 4 _aCiudades y pueblos
_xRepública Dominicana
_91095
650 4 _aLicey al Medio (República Dominicana)
_xVida social y costumbres
_910951
650 4 _aLicey al Medio (República Dominicana)
_xHistoria local
_910952
910 _aValidado. Control de calidad MMOLINA
942 _2ddc
_cLBS1
999 _c3363
_d3363